[Event "USA-ch13 prel 06 corr"]
[Site "USA"]
[Date "1996.06.24"]
[Round "?"]
[White "Krauss, George Jr"]
[Black "Fluharty, Marvin Sr"]
[Result "1-0"]
[WhiteElo "2290"]
[BlackElo "2206"]
[PlyCount "63"]
[EventDate "1996.??.??"]
[EventType "tourn (corr)"]
[EventRounds "9"]
[EventCountry "USA"]
[SourceTitle "Corr 2006"]
[Source "ChessBase"]
[SourceDate "2006.04.01"]
[SourceVersion "3"]
[SourceVersionDate "2006.04.01"]
[SourceQuality "1"]

1. e4 c5 2. Nf3 d6 3. d4 cxd4 4. Nxd4 Nf6 5. Nc3 g6 6. Be3 Bg7 7. h3 0-0 8. Qd2 Nc6 9. 0-0-0 Nxd4 10. Bxd4 Be6 11. Kb1 Rc8 12. Bd3 a6 13. g4 Bc4 14. f3 b5 15. h4 Qa5 16. Bxc4 Rxc4 17. Nd5 Qd8 18. Nxf6+ exf6 19. b3 Rc6 20. Bb2 Qc7 21. Rh2 Rc8 22. g5 d5 23. exd5 Rd6 24. f4 Rcd8 25. Re2 a5 26. gxf6 Bxf6 27. Be5 Bxe5 28. fxe5 Rxd5 29. Qxd5 Rxd5 30. Rxd5 b4 31. e6 fxe6 32. Rxe6 1-0